Statistics for Best Song Ever - One Direction (All Lyrics)

Click here to take the quiz!

General Stats

  • This quiz has been taken 216 times
  • The average score is 329 of 374

Answer Stats

Answers% Correct
the
99%
a
98%
I
98%
(I
98%
to
98%
And
97%
and
97%
Best
96%
best
96%
ever
96%
song
96%
We
95%
we
95%
(we
95%
all
94%
It
94%
it
94%
(it
94%
night
94%
danced
93%
danced)
93%
"Can
91%
she
91%
She
91%
You
90%
you
90%
in
89%
know
88%
remember
88%
Said
88%
said
88%
but
87%
But
87%
can't
87%
every
86%
her
86%
me?"
86%
me
86%
now
86%
that
86%
your
86%
"Never
85%
oh-oh-oh
85%
(ooh)
85%
was
85%
dreams"
83%
How
83%
how
83%
like
83%
wildest
83%
forget
82%
goes
82%
it's
81%
knew
81%
line
81%
Maybe
81%
my
81%
way
81%
dirty
80%
heart
80%
mouth)
80%
yeah
80%
mouth
79%
won't
79%
give
78%
into
78%
stole
78%
straight
78%
back
77%
cause
77%
Cause
77%
daddy
77%
had
77%
name
77%
take
77%
walked
77%
with
77%
think
76%
dentist
75%
home
75%
went
75%
Rose
74%
Georgia
73%
kissed
73%
meant
73%
already
70%
Just
70%
through
70%
got
69%
guards
68%
I'll
67%
owned
65%
(one
63%
one
63%
you'll
63%
two
62%
doors
61%
past
60%
three)
60%
this)
42%
something
38%

Score Distribution

Percentile by Number Answered

Percent of People with Each Score

Your Score History

You have not taken this quiz